| 000 | 00493nam a2200181Ia 4500 | ||
|---|---|---|---|
| 008 | 150610s9999 xx 000 0 und d | ||
| 020 | _a0375821821 (trade) | ||
| 050 |
_aPZ7 _b.H493Flu 2005 |
||
| 100 | _aHiaasen, Carl | ||
| 245 |
_aFlush / _cCarl Hiaasen. |
||
| 250 | _a1st ed. | ||
| 260 |
_aNew York : _bAlfred A. Knopf, _c2005. |
||
| 300 |
_a263pages ; _c22 cm. |
||
| 520 | _aFiction. | ||
| 650 |
_a Fathers _xFiction. |
||
| 650 |
_aFlorida _bFiction. |
||
| 650 |
_aRiver boats _xFiction. |
||
| 999 |
_c288075 _d288075 |
||